=LDR 00000nam 2200000 4500 =001 INLIS000000000021277 =005 20130612120139 =008 ***********************************Ind** =035 ##$$0010-061300000021277 =041 ##$$a Ind =082 ##$$a 028.5 =090 ##$$a 028.5, Yud s =100 ##$$a Yudistira, Emha =245 ##$$a Si angkus yang tamak dan si angma yang baik hati, Rmha Yudistira =260 ##$$a S.a] $b S.l] =300 ##$$a 16 hlm, ilus., 21 cm =850 ##$$a NBPNMAT